000
00231nam a2200097Ia 4500
008
170619s9999 xx 000 0 und d
100
_a
Desai- Bipin C.
245
3
_a
An Intro to database systems
260
_b
Galgotia Pub.
260
_c
2004
546
_a
ENGLISH
999
_c
17253
_d
17253